HBR's 10 must reads on platforms and ecosystems. (Record no. 4793)

MARC details
000 -CABECERA
campo de control de longitud fija 03069nam a2200361 i 4500
001 - NÚMERO DE CONTROL
campo de control 991107200569306196
005 - FECHA Y HORA DE LA ÚLTIMA TRANSACCIÓN
campo de control 20250625125937.0
006 - CÓDIGOS DE INFORMACIÓN DE LONGITUD FIJA--CARACTERÍSTICAS DEL MATERIAL ADICIONAL
campo de control de longitud fija m o d |
007 - CAMPO FIJO DE DESCRIPCIÓN FÍSICA--INFORMACIÓN GENERAL
campo de control de longitud fija cr#cnu||||||||
008 - DATOS DE LONGITUD FIJA--INFORMACIÓN GENERAL
campo de control de longitud fija 201117s2021 mau o 001 0 eng d
020 ## - NÚMERO INTERNACIONAL ESTÁNDAR DEL LIBRO
Número Internacional Estándar del Libro 9781633699885
035 ## - NÚMERO DE CONTROL DEL SISTEMA
Número de control de sistema (CKB)4100000011502277
035 ## - NÚMERO DE CONTROL DEL SISTEMA
Número de control de sistema (MiAaPQ)EBC6020875
035 ## - NÚMERO DE CONTROL DEL SISTEMA
Número de control de sistema (Au-PeEL)EBL6020875
035 ## - NÚMERO DE CONTROL DEL SISTEMA
Número de control de sistema (OCoLC)1202467538
035 ## - NÚMERO DE CONTROL DEL SISTEMA
Número de control de sistema (CaSebORM)9781633699892
035 ## - NÚMERO DE CONTROL DEL SISTEMA
Número de control de sistema (Perlego)1351476
035 ## - NÚMERO DE CONTROL DEL SISTEMA
Número de control de sistema (EXLCZ)994100000011502277
040 ## - FUENTE DE LA CATALOGACIÓN
Centro catalogador/agencia de origen MiAaPQ
Lengua de catalogación eng
Normas de descripción rda
-- pn
Centro/agencia transcriptor MiAaPQ
Centro/agencia modificador MiAaPQ
041 ## - CÓDIGO DE LENGUA
Código de lengua del texto/banda sonora o título independiente eng
050 #4 - SIGNATURA TOPOGRÁFICA DE LA BIBLIOTECA DEL CONGRESO
Número de clasificación HD30.28
Número de documento/Ítem .H377 2021
245 00 - MENCIÓN DE TÍTULO
Título HBR's 10 must reads on platforms and ecosystems.
246 ## - FORMA VARIANTE DE TÍTULO
Título propio/Titulo breve Harvard Busines Review's ten must reads on platforms and ecosystems
260 ## - PUBLICACIÓN, DISTRIBUCIÓN, ETC.
Lugar de publicación, distribución, etc. Boston, MA :
Nombre del editor, distribuidor, etc. Harvard Business Review Press,
Fecha de publicación, distribución, etc. 2021.
300 ## - DESCRIPCIÓN FÍSICA
Extensión 180 pages ;
Dimensiones 21 cm.
490 ## - MENCIÓN DE SERIE
Mención de serie HBR's 10 Must Reads
500 ## - NOTA GENERAL
Nota general Includes index.
520 8# - SUMARIO, ETC.
Sumario, etc. Competition is moving beyond industry to ecosystem. Are you ready? In the shift from pipeline to platform, value is no longer created by your company's product or process alone--it's created through interactions. And the strategy you used to become an industry leader won't help you compete in an evolving and complex ecosystem. If you read nothing else on platforms and ecosystems, read these 10 articles by experts in the field. We've combed through hundreds of articles in the Harvard Business Review archive and selected the most important ones to help you address classic challenges such as navigating the shift from controlling resources to orchestrating them, redefining value, thwarting competitive threats, and adapting your strategy. This book will inspire you to: * Manage network effects and inspire users to attract more users * Understand the myriad dynamics at play in a platform business * Decide whether to be a chief architect or a complementor in your ecosystem * Consider which of your company's existing products and services can be turned into platforms * Shift from managing products to managing interactions * Collaborate with other firms in an ecosystem that spans sectors * Learn to allocate--and reallocate--resources as conditions change HBR's 10 Must Reads paperback series is the definitive collection of books for new and experienced leaders alike. Leaders looking for the inspiration that big ideas provide, both to accelerate their own growth and that of their companies, should look no further. HBR's 10 Must Reads series focuses on the core topics that every ambitious manager needs to know: leadership, strategy, change, managing people, and managing yourself. Harvard Business Review has sorted through hundreds of articles and selected only the most essential reading on each topic. Each title includes timeless advice that will be relevant regardless of an ever?changing business environment.
588 ## - NOTA DE FUENTE DE LA DESCRIPCIÓN
Nota de fuente de la descripción Description based on print version record.
650 #0 - PUNTO DE ACCESO ADICIONAL DE MATERIA--TÉRMINO DE MATERIA
Término de materia o nombre geográfico como elemento de entrada Strategic planning
9 (RLIN) 3573
650 #0 - PUNTO DE ACCESO ADICIONAL DE MATERIA--TÉRMINO DE MATERIA
Término de materia o nombre geográfico como elemento de entrada Internet marketing
9 (RLIN) 1133
942 ## - ELEMENTOS DE ENTRADA AGREGADA (KOHA)
Fuente del sistema de clasificación o colocación Clasificación de Library of Congress
Holdings
Estado de retiro Estado de pérdida Fuente del sistema de clasificación o colocación Estado dañado No para préstamo Biblioteca de origen Biblioteca actual Fecha de adquisición Total de préstamos Signatura topográfica completa Código de barras Fecha visto por última vez Número de copia Precio válido a partir de Tipo de ítem Koha
    Clasificación de Library of Congress     TBS Barcelona TBS Barcelona 25/06/2025   HD30.28 HAR B07577 25/06/2025 1 25/06/2025 Book

Powered by Koha